[Event "DVM U14 2014"]
[Site "Regensburg GER"]
[Date "2014.12.27"]
[Round "1"]
[White "Joebges, Nico"]
[Black "Hoppe, Andreas"]
[Result "0-1"]
[Termination "normal"]
[Board "3.3"]
[WhiteElo "1573"]
[BlackElo "1758"]
[WhiteTeam "SC Tarrasch München"]
[BlackTeam "Hagener SV"]
[PlyCount "71"]
[WhiteFideId "12992291"]
[BlackFideId "12922811"]
[EventCountry "GER"]
[EventRounds "7"]
[EventType "team-swiss"]
[EventDate "2014.12.26"]

1. e4 e6 2. d4 d5 3. e5 c5 4. c3 Qb6 5. Nf3 Bd7 6. a3 Bb5 7. Bxb5+ Qxb5 8. Qe2
Qa6 9. b4 cxb4 10. Qxa6 Nxa6 11. cxb4 Rc8 12. O-O Ne7 13. Bd2 Ng6 14. Rc1 Rxc1+
15. Bxc1 Be7 16. Bb2 Kd7 17. Nc3 Rc8 18. g3 Nb8 19. Rc1 Rc4 20. Ne2 Rxc1+ 21.
Bxc1 Kc6 22. Nc3 b5 23. Kf1 Kb6 24. Ke2 Nc6 25. Na2 a5 26. Bd2 Nf8 27. Kd3 Nd7
28. Ng5 axb4 29. axb4 Bxb4 30. Bxb4 Kc7 31. Kc3 Nb6 32. Nc1 Nc4 33. f4 Kd7 34.
g4 Ke8 35. f5 f6 36. exf6 {Rest der Partie nicht rekonstruierbar} 0-1

[Event "DVM U14 2014"]
[Site "Regensburg GER"]
[Date "2014.12.27"]
[Round "1"]
[White "Buchloh, Falk"]
[Black "Joebges, Julia"]
[Result "0-1"]
[Termination "normal"]
[Board "3.4"]
[WhiteElo "1558"]
[BlackElo "1582"]
[WhiteTeam "Hagener SV"]
[BlackTeam "SC Tarrasch München"]
[PlyCount "116"]
[WhiteFideId "12960691"]
[BlackFideId "12983446"]
[EventCountry "GER"]
[EventRounds "7"]
[EventType "team-swiss"]
[EventDate "2014.12.26"]

1. d4 d5 2. c4 e6 3. Nc3 Nf6 4. Bg5 Be7 5. e3 O-O 6. Nf3 h6 7. Bh4 Ne4 8. Bxe7
Qxe7 9. Nxe4 dxe4 10. Nd2 f5 11. Qc2 Nd7 12. O-O-O Nb6 13. Be2 Bd7 14. h4 c5
15. dxc5 Qxc5 16. g4 fxg4 17. Nxe4 Qf5 18. Bd3 h5 19. Rhf1 Bc6 20. Ng5 Qf6 21.
Bg6 Be8 22. Bxh5 Qh6 23. Bxg4 Bd7 24. Rxd7 Nxd7 25. Bxe6+ Kh8 26. Bxd7 Qxh4 27.
Ne6 Rf7 28. Qd1 Qxc4+ 29. Kb1 Rxd7 30. Rh1+ Kg8 31. Qxd7 Qe4+ 32. Kc1 Qxh1+ 33.
Kd2 Qg2 34. Ke2 Qg4+ 35. Kf1 Qg6 36. e4 Re8 37. Nxg7 Rxe4 38. Qd5+ Kxg7 39.
Qxb7+ Kh6 40. Qxa7 Qc6 41. b3 Qc1+ 42. Kg2 Rg4+ 43. Kf3 Qf4+ 44. Ke2 Qe5+ 45.
Kd3 Rg7 46. Qe3+ Rg5 47. Qxe5 Rxe5 48. a4 Rf5 49. b4 Kg6 50. a5 Kf6 51. Kc4 Ke6
52. a6 Rxf2 53. Kc5 Kd7 54. Kb6 Kc8 55. Ka7 Kc7 56. b5 Rf6 57. Ka8 Kb6 58. a7
Rf8# 0-1

[Event "DVM U14 2014"]
[Site "Regensburg GER"]
[Date "2014.12.27"]
[Round "1"]
[White "Biastoch, Bennet"]
[Black "Roos, Jonas"]
[Result "1-0"]
[Termination "normal"]
[Board "4.1"]
[WhiteElo "1940"]
[BlackElo "1736"]
[WhiteTeam "SG Aufbau Elbe Magdeburg"]
[BlackTeam "SC Porta Westfalica"]
[PlyCount "151"]
[WhiteFideId "12939889"]
[BlackFideId "16200721"]
[EventCountry "GER"]
[EventRounds "7"]
[EventType "team-swiss"]
[EventDate "2014.12.26"]

1. e4 c5 2. Nf3 Nc6 3. d4 cxd4 4. Nxd4 g6 5. Nc3 Bg7 6. Be3 Nf6 7. Bc4 O-O 8.
Bb3 d6 9. f3 Bd7 10. Qd2 Qa5 11. O-O-O Rfc8 12. h4 h5 13. Kb1 Ne5 14. Rdg1 Nc4
15. Bxc4 Rxc4 16. Nb3 Qc7 17. g4 hxg4 18. h5 Rxc3 19. bxc3 gxh5 20. Bh6 Bxh6
21. Qxh6 Qxc3 22. fxg4 Bxg4 23. Rxh5 Nxh5 24. Qxh5 Qe1+ 25. Rxe1 Bxh5 26. e5
Kg7 27. exd6 exd6 28. Re7 b6 29. Rd7 Kf6 30. Rxd6+ Ke5 31. Rd7 f5 32. c4 f4 33.
Rd5+ Ke4 34. Rxh5 Rf8 35. Kc2 Ke3 36. Re5+ Kf2 37. Nd4 Kg3 38. Rg5+ Kf2 39. Kd2
Rc8 40. Rf5 Rxc4 41. Rxf4+ Kg2 42. Ne6 Rc6 43. Rg4+ Kf2 44. Re4 b5 45. Re2+ Kg3
46. Nd4 Rd6 47. Kc3 Rd5 48. Re7 a6 49. Ra7 Rc5+ 50. Kd3 b4 51. Nb3 Rh5 52. Rxa6
Rh2 53. Nd2 Kf4 54. Ra4 Rh3+ 55. Kc4 Ke3 56. Nb3 Rh4+ 57. Kb5 Rh5+ 58. Kxb4 Rh8
59. Ra5 Rh2 60. a4 Kd3 61. Rb5 Rh4+ 62. Ka5 Kc3 63. Nc5 Rh6 64. Rb6 Rh5 65. Kb5
Rh1 66. a5 Rb1+ 67. Kc6 Ra1 68. a6 Kc4 69. Nd7 Ra5 70. Kb7 Rd5 71. a7 Rxd7+ 72.
Ka6 Rd8 73. Rb8 Rd6+ 74. Kb7 Rd7+ 75. Kb6 Rd6+ 76. Kc7 1-0

[Event "DVM U14 2014"]
[Site "Regensburg GER"]
[Date "2014.12.27"]
[Round "1"]
[White "Gomolinsky, Phil"]
[Black "Roseneck, Jonas"]
[Result "1/2-1/2"]
[Termination "normal"]
[Board "4.2"]
[WhiteElo "1527"]
[BlackElo "1850"]
[WhiteTeam "SC Porta Westfalica"]
[BlackTeam "SG Aufbau Elbe Magdeburg"]
[PlyCount "78"]
[WhiteFideId "16200730"]
[BlackFideId "12939870"]
[EventCountry "GER"]
[EventRounds "7"]
[EventType "team-swiss"]
[EventDate "2014.12.26"]

1. e4 c5 2. c3 Nf6 3. e5 Nd5 4. d4 cxd4 5. Nf3 d6 6. cxd4 Nc6 7. Bc4 Nb6 8. Bb3
e6 9. O-O Be7 10. exd6 Qxd6 11. Nc3 O-O 12. Bc2 f5 13. Nb5 Qd7 14. Bf4 Nd5 15.
Bg5 Bxg5 16. Nxg5 Ncb4 17. Nc3 Nxc2 18. Qxc2 b6 19. Rfe1 Rf6 20. Qe2 Rg6 21.
Nxd5 Qxd5 22. Qh5 Bb7 23. f3 Rh6 24. Qf7+ Kh8 25. Rxe6 Qxd4+ 26. Kh1 Rxe6 27.
Qxe6 Qd5 28. Nf7+ Kg8 29. Nh6+ Kh8 30. Qxd5 Bxd5 31. Nxf5 Re8 32. Kg1 g6 33.
Ng3 Rc8 34. Nf1 Be6 35. Ne3 Rd8 36. Nf1 Rc8 37. Ne3 Rd8 38. Nf1 Rc8 39. Ne3 Rd8
1/2-1/2

[Event "DVM U14 2014"]
[Site "Regensburg GER"]
[Date "2014.12.27"]
[Round "1"]
[White "Götz, Michael"]
[Black "Kirsten, Annika"]
[Result "0-1"]
[Termination "normal"]
[Board "4.4"]
[WhiteElo "1314"]
[BlackElo "1428"]
[WhiteTeam "SC Porta Westfalica"]
[BlackTeam "SG Aufbau Elbe Magdeburg"]
[PlyCount "56"]
[WhiteFideId "16200756"]
[BlackFideId "12961124"]
[EventCountry "GER"]
[EventRounds "7"]
[EventType "team-swiss"]
[EventDate "2014.12.26"]

1. c4 c5 2. Nc3 g6 3. g3 Bg7 4. Bg2 d6 5. d3 Nc6 6. e3 e6 7. Nge2 Nge7 8. O-O
d5 9. cxd5 exd5 10. d4 cxd4 11. exd4 O-O 12. Rb1 Bf5 13. Ra1 Rc8 14. Bf4 Qd7
15. Re1 Nb4 16. Rc1 Nd3 17. g4 Nxe1 18. gxf5 Nxg2 19. Kxg2 Qxf5 20. Qd2 Nc6 21.
Nb5 Qg4+ 22. Bg3 Rcd8 23. h3 Qe4+ 24. Kh2 Qe6 25. Qc3 Qxe2 26. Na3 Bxd4 27. Qc2
Rfe8 28. Kg1 Bxb2 0-1

[Event "DVM U14 2014"]
[Site "Regensburg GER"]
[Date "2014.12.27"]
[Round "1"]
[White "Färber, David"]
[Black "Tong, Kevin"]
[Result "0-1"]
[Termination "normal"]
[Board "5.1"]
[WhiteElo "1770"]
[BlackElo "1857"]
[WhiteTeam "SV 1947 Walldorf"]
[BlackTeam "SC Erlangen"]
[PlyCount "109"]
[WhiteFideId "12971294"]
[BlackFideId "12913944"]
[EventCountry "GER"]
[EventRounds "7"]
[EventType "team-swiss"]
[EventDate "2014.12.26"]

1. e4 c5 2. Nf3 Nc6 3. Bb5 g6 4. O-O Bg7 5. Re1 Nf6 6. c3 O-O 7. d4 cxd4 8.
cxd4 d5 9. e5 Nd7 10. Nc3 e6 11. Bg5 Qb6 12. Qd2 f6 13. exf6 Nxf6 14. Re2 Bd7
15. Rae1 Rac8 16. a4 Nh5 17. Bxc6 Rxc6 18. Ne5 Bxe5 19. Rxe5 Ng7 20. Be7 Rf7
21. Bc5 Qd8 22. Nb5 b6 23. Bb4 Qb8 24. Rc1 Rxc1+ 25. Qxc1 Bxb5 26. axb5 Rc7 27.
Bc3 Qe8 28. Qf1 Rc4 29. Re3 Qxb5 30. Qe1 Qd7 31. g4 b5 32. b3 Rc8 33. Bb4 e5
34. f3 e4 35. h3 exf3 36. Rxf3 Qe6 37. Qf1 Ne8 38. Rf8+ Kg7 39. Rf3 Nd6 40.
Bxd6 Qxd6 41. Rf7+ Kg8 42. Rxa7 Rf8 43. Qg2 Rc8 44. Qf2 Qe6 45. Ra1 Rf8 46. Qe1
Qxe1+ 47. Rxe1 Rf3 48. Re8+ Kf7 49. Rh8 Rxh3 50. Kg2 Rxb3 51. Rxh7+ Ke6 52. Rg7
Kf6 53. Rd7 Rd3 54. Rxd5 b4 55. Rd8 0-1

[Event "DVM U14 2014"]
[Site "Regensburg GER"]
[Date "2014.12.27"]
[Round "1"]
[White "Tschammer, Kai"]
[Black "Hartmann, Cora"]
[Result "1-0"]
[Termination "normal"]
[Board "5.2"]
[WhiteElo "1637"]
[BlackElo "1484"]
[WhiteTeam "SC Erlangen"]
[BlackTeam "SV 1947 Walldorf"]
[PlyCount "39"]
[WhiteFideId "12939099"]
[BlackFideId "16200764"]
[EventCountry "GER"]
[EventRounds "7"]
[EventType "team-swiss"]
[EventDate "2014.12.26"]

1. e4 e5 2. Nf3 Nc6 3. Bc4 Bc5 4. O-O Nf6 5. d4 Bxd4 6. Nxd4 Nxd4 7. f4 Nc6 8.
Bxf7+ Kxf7 9. fxe5 Nxe5 10. Qd5+ Kf8 11. Qxe5 d6 12. Qd4 Ke8 13. Bg5 Rf8 14.
Nc3 Be6 15. Rae1 h6 16. e5 hxg5 17. exf6 Kd7 18. Rxe6 Kxe6 19. Qd5+ Kd7 20.
Qf5+ 1-0

[Event "DVM U14 2014"]
[Site "Regensburg GER"]
[Date "2014.12.27"]
[Round "1"]
[White "Baureis, Julian"]
[Black "Buzatu, Alexander"]
[Result "1-0"]
[Termination "normal"]
[Board "5.3"]
[WhiteElo "1358"]
[BlackElo "1428"]
[WhiteTeam "SV 1947 Walldorf"]
[BlackTeam "SC Erlangen"]
[PlyCount "57"]
[WhiteFideId "12991112"]
[BlackFideId "12983560"]
[EventCountry "GER"]
[EventRounds "7"]
[EventType "team-swiss"]
[EventDate "2014.12.26"]

1. d4 Nf6 2. Nf3 d5 3. c4 e6 4. Nc3 c6 5. cxd5 exd5 6. Bg5 Nbd7 7. e3 Bb4 8.
Qc2 h6 9. Bf4 Qe7 10. Bd3 Ne4 11. Nd2 Nxd2 12. Kxd2 Nf6 13. f3 Bd6 14. Bxd6
Qxd6 15. g3 Be6 16. Ne2 Qb4+ 17. Qc3 Qxc3+ 18. bxc3 O-O-O 19. Rab1 Nd7 20. Rb2
Nb6 21. Rhb1 Rd7 22. a4 Nxa4 23. Rxb7 Rxb7 24. Ba6 Nb6 25. Bxb7+ Kxb7 26. Nf4
Re8 27. Nh5 Rg8 28. e4 dxe4 29. fxe4 1-0

[Event "DVM U14 2014"]
[Site "Regensburg GER"]
[Date "2014.12.27"]
[Round "1"]
[White "Grüninger, Maxim"]
[Black "Zwecker, Conrad"]
[Result "1-0"]
[Termination "normal"]
[Board "5.4"]
[WhiteElo "1604"]
[BlackElo "1271"]
[WhiteTeam "SC Erlangen"]
[BlackTeam "SV 1947 Walldorf"]
[PlyCount "77"]
[WhiteFideId "12942960"]
[BlackFideId "12971391"]
[EventCountry "GER"]
[EventRounds "7"]
[EventType "team-swiss"]
[EventDate "2014.12.26"]

1. e4 e5 2. Nf3 Nc6 3. d4 exd4 4. Nxd4 Bc5 5. Be3 Bb6 6. Nc3 Nf6 7. Bc4 O-O 8.
O-O d6 9. Nxc6 bxc6 10. Qf3 Bg4 11. Qg3 Qd7 12. h3 Be6 13. Bd3 Rfe8 14. Bh6 Nh5
15. Qg5 g6 16. Be2 f6 17. Qh4 Ng7 18. Qxf6 Rf8 19. Qg5 Rf7 20. e5 Raf8 21. Ne4
d5 22. Nf6+ Rxf6 23. exf6 Nh5 24. Bxh5 Rf7 25. Bf3 Qd6 26. Bg7 Qb4 27. Qe5 Bd7
28. Rfe1 Bc5 29. Bg4 Bxg4 30. hxg4 Bd6 31. Qe8+ Bf8 32. Qxc6 Bxg7 33. fxg7 Kxg7
34. Re2 Qxg4 35. Rae1 Qf4 36. Qxd5 Rf5 37. Qd3 Rf7 38. Qe3 Qd6 39. Qe5+ 1-0

[Event "DVM U14 2014"]
[Site "Regensburg GER"]
[Date "2014.12.27"]
[Round "1"]
[White "Hesse, Henrik"]
[Black "Qiu, Oliver"]
[Result "1/2-1/2"]
[Termination "normal"]
[Board "6.1"]
[WhiteElo "1704"]
[BlackElo "1405"]
[WhiteTeam "Treptower SV 1949"]
[BlackTeam "Gütersloher SV"]
[PlyCount "41"]
[WhiteFideId "12952060"]
[BlackFideId "16200713"]
[EventCountry "GER"]
[EventRounds "7"]
[EventType "team-swiss"]
[EventDate "2014.12.26"]

1. c4 e5 2. Nc3 Nf6 3. e3 d5 4. d4 exd4 5. exd4 Bb4 6. Nf3 O-O 7. h3 Be6 8. Qb3
Nc6 9. a3 dxc4 10. Bxc4 Nxd4 11. Nxd4 Qxd4 12. Bxe6 Bxc3+ 13. bxc3 Qe5+ 14. Be3
Qxe6 15. c4 b6 16. O-O Rad8 17. Rfe1 Qf5 18. Qa4 a5 19. c5 Nd5 20. cxb6 cxb6
21. Bd4 1/2-1/2

[Event "DVM U14 2014"]
[Site "Regensburg GER"]
[Date "2014.12.27"]
[Round "1"]
[White "Stockter, Jasper Enno"]
[Black "Fortenbacher, Dominic"]
[Result "1/2-1/2"]
[Termination "normal"]
[Board "6.3"]
[WhiteElo "1448"]
[BlackElo "1484"]
[WhiteTeam "Treptower SV 1949"]
[BlackTeam "Gütersloher SV"]
[PlyCount "44"]
[WhiteFideId "12957291"]
[BlackFideId "16200780"]
[EventCountry "GER"]
[EventRounds "7"]
[EventType "team-swiss"]
[EventDate "2014.12.26"]

1. e4 e5 2. Nf3 Nc6 3. d4 exd4 4. Nxd4 Bc5 5. Be3 Qf6 6. c3 Nge7 7. Bc4 O-O 8.
O-O Ne5 9. Be2 d6 10. f4 Qh6 11. Nd2 N7c6 12. N2b3 Rd8 13. Qc1 Ng4 14. Bxg4
Bxg4 15. Nxc5 Nxd4 16. cxd4 dxc5 17. Qxc5 Qe6 18. e5 Bf5 19. b3 Be4 20. Rf2 b6
21. Qxc7 Rac8 22. Qxa7 Ra8 1/2-1/2

[Event "DVM U14 2014"]
[Site "Regensburg GER"]
[Date "2014.12.27"]
[Round "1"]
[White "Neumann, Theodor"]
[Black "Hüls, Maximilian"]
[Result "0-1"]
[Termination "normal"]
[Board "6.4"]
[WhiteElo "1352"]
[BlackElo "1622"]
[WhiteTeam "Gütersloher SV"]
[BlackTeam "Treptower SV 1949"]
[PlyCount "74"]
[WhiteFideId "16200799"]
[BlackFideId "12949698"]
[EventCountry "GER"]
[EventRounds "7"]
[EventType "team-swiss"]
[EventDate "2014.12.26"]

1. e4 c5 2. Nf3 Nc6 3. d4 cxd4 4. Nxd4 Nf6 5. Nc3 e5 6. Nf3 Bb4 7. Bd2 O-O 8.
Bd3 d6 9. Qe2 Be6 10. a3 Bc5 11. Bg5 h6 12. Bh4 Re8 13. O-O a6 14. Rad1 Nd4 15.
Nxd4 Bxd4 16. Qd2 Rc8 17. Ne2 Bb6 18. Kh1 Qe7 19. f4 Bg4 20. fxe5 dxe5 21. Bxf6
gxf6 22. h3 Bxe2 23. Qxe2 Kh7 24. Qf3 Rc6 25. Qf5+ Kh8 26. Rf3 Rg8 27. Qh5 Qf8
28. Rdf1 Qg7 29. Rg3 Qh7 30. Rxg8+ Kxg8 31. Qg4+ Qg6 32. Qd7 Rc7 33. Qd8+ Kg7
34. Qd6 Rc6 35. Qb8 Rc7 36. Bxa6 Rxc2 37. Rg1 Bxg1 0-1

[Event "DVM U14 2014"]
[Site "Regensburg GER"]
[Date "2014.12.27"]
[Round "1"]
[White "Dalchow, Jonas"]
[Black "Hofmann, Rares"]
[Result "0-1"]
[Termination "normal"]
[Board "7.1"]
[WhiteElo "1429"]
[BlackElo "2039"]
[WhiteTeam "SC 1997 Lambsheim"]
[BlackTeam "TuS Coswig 1920"]
[PlyCount "136"]
[WhiteFideId "12971251"]
[BlackFideId "12976440"]
[EventCountry "GER"]
[EventRounds "7"]
[EventType "team-swiss"]
[EventDate "2014.12.26"]

1. e4 e5 2. Nf3 Nc6 3. Bc4 Bc5 4. c3 Nf6 5. d4 exd4 6. cxd4 Bb4+ 7. Bd2 d5 8.
exd5 Nxd5 9. Qe2+ Be6 10. Bxb4 Ncxb4 11. Bxd5 Nxd5 12. O-O O-O 13. Nc3 Bg4 14.
h3 Re8 15. Qd1 Bh5 16. Nxd5 Qxd5 17. Qd3 Bxf3 18. Qxf3 Qxf3 19. gxf3 Rad8 20.
Rad1 Re2 21. Rfe1 Rxd4 22. Rxd4 Rxe1+ 23. Kg2 Kf8 24. Rd7 Re7 25. Rd8+ Re8 26.
Rd7 Rc8 27. Kf1 Ke8 28. Rd4 Rd8 29. Re4+ Kd7 30. Rh4 h6 31. Rf4 f6 32. Rg4 Rg8
33. Rd4+ Ke7 34. Rc4 Rc8 35. Rg4 Kf7 36. Rd4 Re8 37. a3 c5 38. Rd5 Re5 39. Rd6
Re7 40. Rd3 Rc7 41. Rc3 b5 42. Ke2 Ke6 43. b3 c4 44. Kd2 Kd6 45. Ke3 cxb3 46.
Rxb3 Kc5 47. Kd3 Rd7+ 48. Kc2 Rd4 49. Re3 Rh4 50. Re7 Rxh3 51. Rxg7 Rxf3 52.
Rg2 Rxa3 53. Rh2 b4 54. Rh5+ Kb6 55. Rf5 Rc3+ 56. Kb2 Rc6 57. Rh5 Re6 58. Kb3
Re2 59. Rf5 Re5 60. Rxf6+ Kb5 61. Rxh6 a5 62. Kb2 Re2+ 63. Kb1 Rxf2 64. Rh5+
Kc4 65. Rh4+ Kc3 66. Rh3+ Kd2 67. Rh4 b3 68. Ra4 Kc3 0-1

[Event "DVM U14 2014"]
[Site "Regensburg GER"]
[Date "2014.12.27"]
[Round "1"]
[White "Kunath, Tim"]
[Black "Mühlpfordt, Thomas"]
[Result "1-0"]
[Termination "normal"]
[Board "7.2"]
[WhiteElo "1699"]
[BlackElo "1504"]
[WhiteTeam "TuS Coswig 1920"]
[BlackTeam "SC 1997 Lambsheim"]
[PlyCount "51"]
[WhiteFideId "12985074"]
[BlackFideId "12986623"]
[EventCountry "GER"]
[EventRounds "7"]
[EventType "team-swiss"]
[EventDate "2014.12.26"]

1. e4 e5 2. Nf3 Nc6 3. d4 exd4 4. Nxd4 Bc5 5. Be3 Qf6 6. c3 Nge7 7. Bc4 d6 8.
O-O O-O 9. Nxc6 Nxc6 10. Bxc5 dxc5 11. Nd2 Ne5 12. Be2 Rd8 13. Qc2 Qg6 14. f4
Nc6 15. Kh1 Rd6 16. Nc4 Rf6 17. Rad1 Bg4 18. Rd5 Bxe2 19. Qxe2 Re8 20. e5 Qh6
21. Qd2 Rf5 22. g4 Nxe5 23. Nxe5 Qh3 24. Rf3 Rfxe5 25. Rxh3 Re1+ 26. Kg2 1-0

[Event "DVM U14 2014"]
[Site "Regensburg GER"]
[Date "2014.12.27"]
[Round "1"]
[White "Wacker, Andreas"]
[Black "Lehne, Arwin Hugo"]
[Result "1/2-1/2"]
[Termination "normal"]
[Board "7.3"]
[WhiteElo "1564"]
[BlackElo "1454"]
[WhiteTeam "SC 1997 Lambsheim"]
[BlackTeam "TuS Coswig 1920"]
[PlyCount "56"]
[WhiteFideId "12953083"]
[BlackFideId "12985090"]
[EventCountry "GER"]
[EventRounds "7"]
[EventType "team-swiss"]
[EventDate "2014.12.26"]

1. e4 c5 2. Nf3 Nc6 3. Nc3 g6 4. d3 Bg7 5. Be2 d6 6. O-O Nf6 7. Be3 O-O 8. h3
a6 9. d4 cxd4 10. Nxd4 Bd7 11. Nxc6 Bxc6 12. Bf3 Nd7 13. Bd4 Bxd4 14. Qxd4 Qb6
15. Qxb6 Nxb6 16. b3 Nd7 17. Nd5 Bxd5 18. exd5 Ne5 19. Be2 Rac8 20. c4 Rc5 21.
Rfe1 Re8 22. f4 Nd7 23. a3 Nf6 24. Bd3 Kf8 25. g3 Kg7 26. Re2 Nh5 27. Kg2 Kf6
28. Rf1 Kg7 1/2-1/2

[Event "DVM U14 2014"]
[Site "Regensburg GER"]
[Date "2014.12.27"]
[Round "1"]
[White "von Koslowski, Wilhelm"]
[Black "Löffner, Miguel"]
[Result "1-0"]
[Termination "normal"]
[Board "7.4"]
[WhiteElo "1394"]
[BlackElo "1211"]
[WhiteTeam "TuS Coswig 1920"]
[BlackTeam "SC 1997 Lambsheim"]
[PlyCount "53"]
[WhiteFideId "12985147"]
[BlackFideId "12972436"]
[EventCountry "GER"]
[EventRounds "7"]
[EventType "team-swiss"]
[EventDate "2014.12.26"]

1. e4 e5 2. Nf3 Nc6 3. d4 exd4 4. Nxd4 Bc5 5. Be3 Nge7 6. Nxc6 bxc6 7. Bxc5 d6
8. Bd4 O-O 9. Bc4 d5 10. exd5 cxd5 11. Bd3 c6 12. O-O Ng6 13. c4 Qh4 14. Bc5
Rd8 15. Qe2 Nf4 16. Qe3 Be6 17. Nd2 d4 18. Qe4 Nh3+ 19. gxh3 Qg5+ 20. Kh1 Qxc5
21. Qxh7+ Kf8 22. Rg1 Ke7 23. Qxg7 Qb4 24. Qg5+ Kd7 25. b3 Rac8 26. Ne4 c5 27.
Qe5 1-0

[Event "DVM U14 2014"]
[Site "Regensburg GER"]
[Date "2014.12.27"]
[Round "1"]
[White "Browning, Alex"]
[Black "Kühner, Tobias"]
[Result "1/2-1/2"]
[Termination "normal"]
[Board "8.1"]
[WhiteElo "1753"]
[BlackElo "1737"]
[WhiteTeam "Märkischer Springer Halver-Schalksmühle"]
[BlackTeam "SK Bickenbach"]
[PlyCount "148"]
[WhiteFideId "12984019"]
[BlackFideId "12973815"]
[EventCountry "GER"]
[EventRounds "7"]
[EventType "team-swiss"]
[EventDate "2014.12.26"]

1. e4 c5 2. Nf3 d6 3. d4 cxd4 4. Nxd4 Nf6 5. Nc3 a6 6. Bg5 e6 7. f4 Be7 8. Qf3
Qb6 9. O-O-O Nc6 10. Nxc6 Qxc6 11. e5 Qxf3 12. gxf3 dxe5 13. fxe5 Nd5 14. Ne4
Bxg5+ 15. Nxg5 O-O 16. Bd3 h6 17. Ne4 f6 18. exf6 Nxf6 19. Nxf6+ Rxf6 20. Be4
Rf8 21. Rd6 Rb8 22. Rb6 Rf7 23. Re1 Rc7 24. Re3 Kf8 25. Reb3 Ke7 26. Kd2 Rd7+
27. Ke2 Rc7 28. Rxa6 bxa6 29. Rxb8 Bd7 30. Rb6 Bb5+ 31. Ke1 Rc5 32. b3 Rh5 33.
a4 Be8 34. Kf2 Rxh2+ 35. Kg3 Rh5 36. f4 Ra5 37. Bd3 e5 38. f5 Bd7 39. Kg4 Bc8
40. Rc6 Bd7 41. Rg6 Kf7 42. Bc4+ Kf8 43. Rb6 e4 44. Be6 Bxe6 45. Rxe6 h5+ 46.
Kf4 Rd5 47. Rxe4 Rd2 48. Rc4 Rg2 49. Kf3 Rg5 50. Rf4 Rg1 51. Kf2 Rd1 52. Ke2
Rh1 53. Rc4 Kf7 54. Kf2 Kf6 55. Rc5 Rh4 56. Kg3 Rh1 57. c3 h4+ 58. Kg2 Re1 59.
b4 Kg5 60. Rc6 Kxf5 61. b5 axb5 62. axb5 g5 63. b6 Rb1 64. Rc5+ Kf6 65. Rc6+
Kf5 66. Rc5+ Kf6 67. Kh3 Rxb6 68. Kg4 Re6 69. Rf5+ Ke7 70. Kxg5 h3 71. Rf3 h2
72. Rh3 Rc6 73. Kf4 h1=Q 74. Rxh1 Rxc3 1/2-1/2

[Event "DVM U14 2014"]
[Site "Regensburg GER"]
[Date "2014.12.27"]
[Round "1"]
[White "Wenzel, Calvin"]
[Black "Kölz, Niklas"]
[Result "0-1"]
[Termination "normal"]
[Board "8.2"]
[WhiteElo "1619"]
[BlackElo "1719"]
[WhiteTeam "SK Bickenbach"]
[BlackTeam "Märkischer Springer Halver-Schalksmühle"]
[PlyCount "106"]
[WhiteFideId "12973920"]
[BlackFideId "12971758"]
[EventCountry "GER"]
[EventRounds "7"]
[EventType "team-swiss"]
[EventDate "2014.12.26"]

1. e4 c5 2. Nf3 e6 3. d4 cxd4 4. Nxd4 a6 5. Nc3 Qc7 6. Be3 Nf6 7. f3 Bb4 8. Bd2
Nc6 9. Nb3 d5 10. a3 Be7 11. Be3 dxe4 12. Nxe4 Nxe4 13. fxe4 O-O 14. Bd3 e5 15.
O-O Be6 16. Rc1 Rad8 17. Nd2 Nd4 18. Nf3 Bg4 19. c3 Nxf3+ 20. gxf3 Bh3 21. Rf2
Bh4 22. Rd2 Qc6 23. Bf1 Qg6+ 24. Kh1 Rxd2 25. Qxd2 Rd8 26. Qe2 Bxf1 27. Rxf1 f5
28. exf5 Qf7 29. Bb6 Re8 30. Qe4 Bg5 31. Rd1 Kh8 32. h4 Bf6 33. Kg2 Qb3 34. Rd6
Qxb2+ 35. Kg3 Qxc3 36. Qxb7 e4 37. Qf7 Rg8 38. Re6 Qxf3+ 39. Kh2 Qxf5 40. Re8
Be5+ 41. Rxe5 Qxf7 42. Rxe4 Qb3 43. Rb4 Qxa3 44. Bc5 Qa5 45. Bd6 Qd5 46. Bf4 h6
47. Kg3 Rc8 48. Rb2 Qd3+ 49. Kg4 Rc3 50. Rh2 Qd7+ 51. Kh5 Qf5+ 52. Bg5 Rc4 53.
Rd2 Qf7# 0-1

[Event "DVM U14 2014"]
[Site "Regensburg GER"]
[Date "2014.12.27"]
[Round "1"]
[White "Hardt, Silas"]
[Black "Riemann, Jonas"]
[Result "1-0"]
[Termination "normal"]
[Board "8.3"]
[WhiteElo "1477"]
[BlackElo "1434"]
[WhiteTeam "Märkischer Springer Halver-Schalksmühle"]
[BlackTeam "SK Bickenbach"]
[PlyCount "87"]
[WhiteFideId "16200667"]
[BlackFideId "12977462"]
[EventCountry "GER"]
[EventRounds "7"]
[EventType "team-swiss"]
[EventDate "2014.12.26"]

1. c4 e5 2. g3 Nf6 3. Bg2 Bc5 4. Nc3 c6 5. e3 d6 6. Nge2 O-O 7. O-O Bf5 8. d4
Bb6 9. e4 Bd7 10. Bg5 h6 11. Be3 Na6 12. Qd2 Qe7 13. Kh1 Ng4 14. Rad1 Rfd8 15.
d5 Nxe3 16. fxe3 Qg5 17. Qd3 Bxe3 18. h4 Qe7 19. Qxe3 Nc5 20. b4 Na6 21. a3 Nc7
22. c5 Rac8 23. Nc1 Nb5 24. Nxb5 cxb5 25. Nb3 Be8 26. Rc1 f6 27. Bh3 Bd7 28.
Bg2 Rc7 29. cxd6 Qxd6 30. Rxc7 Qxc7 31. Rc1 Qd6 32. Qxa7 Rb8 33. Qc5 Qxc5 34.
Rxc5 Kf7 35. Rc7 Ke8 36. Nc5 b6 37. Nxd7 Ra8 38. Nxb6 Rxa3 39. d6 Rd3 40. d7+
Kf7 41. d8=Q+ Kg6 42. Qxd3 h5 43. Qd7 Kh6 44. Qxg7# 1-0

[Event "DVM U14 2014"]
[Site "Regensburg GER"]
[Date "2014.12.27"]
[Round "1"]
[White "Bär, Leon David"]
[Black "Sailer, Tom"]
[Result "0-1"]
[Termination "normal"]
[Board "8.4"]
[WhiteElo "1267"]
[BlackElo "1333"]
[WhiteTeam "SK Bickenbach"]
[BlackTeam "Märkischer Springer Halver-Schalksmühle"]
[PlyCount "140"]
[WhiteFideId "16200802"]
[BlackFideId "16200675"]
[EventCountry "GER"]
[EventRounds "7"]
[EventType "team-swiss"]
[EventDate "2014.12.26"]

1. e4 e6 2. Nf3 d5 3. e5 c5 4. d4 cxd4 5. Nxd4 Bd7 6. Nc3 Nc6 7. Bf4 Qb6 8.
Ndb5 a6 9. Be3 Qa5 10. Nd6+ Bxd6 11. exd6 Qb4 12. Rb1 d4 13. a3 Qxd6 14. Ne2 e5
15. c3 Bf5 16. Rc1 Rd8 17. cxd4 Nxd4 18. Nxd4 exd4 19. Bg5 Ne7 20. Qf3 Qe6+ 21.
Qe2 Qxe2+ 22. Bxe2 f6 23. Bf4 Ng6 24. Bd2 O-O 25. O-O Rfe8 26. Bc4+ Kf8 27.
Bb4+ Ne7 28. Rfe1 Bg6 29. Re2 Bf7 30. Rce1 Rd7 31. Be6 Bxe6 32. Rxe6 Kf7 33.
Kf1 d3 34. Rxe7+ Rexe7 35. Rxe7+ Rxe7 36. Bxe7 Kxe7 37. Ke1 Kd6 38. Kd2 f5 39.
Kxd3 Kd5 40. f4 a5 41. b4 axb4 42. axb4 b5 43. h3 h6 44. g4 fxg4 45. hxg4 g6
46. Ke3 Kc4 47. f5 gxf5 48. gxf5 Kd5 49. Kf4 Kd6 50. Ke4 h5 51. Kf4 h4 52. Kg4
Ke5 53. Kxh4 Kxf5 54. Kg3 Ke4 55. Kf2 Kd4 56. Ke2 Kc3 57. Kd1 Kxb4 58. Kc1 Kc3
59. Kb1 Kb3 60. Ka1 Kc3 61. Kb1 b4 62. Kc1 b3 63. Kb1 b2 64. Ka2 Kc2 65. Ka3
b1=Q 66. Ka4 Kc3 67. Ka5 Kc4 68. Ka6 Kc5 69. Ka7 Kc6 70. Ka8 Qb7# 0-1